All 40 Home Run Hitters in New York Mets History - Statistics

General Stats
  • This quiz has been taken 36 times
  • The average score is 3 of 5
Answer Stats
Year Player % Correct
2019, 2022, 2023 Pete Alonso
100%
2025 Juan Soto
94%
1999 Mike Piazza
73%
2006 Carlos Beltran
61%
1996 Todd Hundley
15%
No matching quizzes found
Score Distribution
Percent of People with Each Score
Percentile by Number Answered
Your Score History
You have not taken this quiz